| 000 | 01009nam a22003017a 4500 | ||
|---|---|---|---|
| 001 | 8018 | ||
| 003 | FISKH | ||
| 005 | 20250819091223.0 | ||
| 008 | 250819b cb ||||| |||| 00| 0 eng d | ||
| 020 | _a086313310X | ||
| 040 |
_aFISKH _beng _cFISKH _dFISKH |
||
| 050 | _aTJ163.S77 | ||
| 082 | _a333.79 | ||
| 100 | _aStrachan, James | ||
| 245 |
_aEnergy today : _bFuture sources / _cJames Strachan ; Illustrated by Ron Hayward Associates ; Consultant Stewart Boyle |
||
| 250 | _aThis edition first published in 1985 | ||
| 260 |
_aLondon : _bAladdin Book, _c1985 |
||
| 300 |
_a30 pages : _bcolor illustrations ; _c27 cm |
||
| 505 | _aW | ||
| 520 | _aDiscusses the feasibility of future sources of energy such as fuel cells, nuclear fusion, and a solar power station. | ||
| 521 | 8 |
_a850
_bLexile |
|
| 521 | 8 |
_aW
_bRaz-Plus |
|
| 650 |
_2Needs cover _aInfo techniek |
||
| 650 |
_2Energy _aNon-fiction |
||
| 700 |
_aAssociates, Hayward Ron _dillustrator |
||
| 942 |
_2ddc _cBK _n0 |
||
| 999 |
_c8018 _d8018 |
||